Obec ako tvorca podnikateľského prostredia bakalárska práca

Salvato in:
Dettagli Bibliografici
Autore principale: Pramuková, Elena
Ente Autore: Národohospodárska fakulta EU. Katedra verejnej správy a regionálneho rozvoja
Altri autori: Galata, Milan
Natura: Libro
Lingua:slovacco
Pubblicazione: Bratislava 2012
Tags: Aggiungi Tag
Nessun Tag, puoi essere il primo ad aggiungerne!!

MARC

LEADER 00000nbm a2200000 4500
001 0156075
005 20161109111936.2
041 0 |a slo 
044 |a SK 
245 1 0 |a Obec ako tvorca podnikateľského prostredia  |b bakalárska práca  |c Elena Pramuková ; školiteľ: Milan Galata 
264 1 |a Bratislava  |c 2012 
300 |a 42 s. 
100 1 |a Pramuková, Elena 
700 1 |a Galata, Milan 
710 2 |a Národohospodárska fakulta EU. Katedra verejnej správy a regionálneho rozvoja